| Tag |
First Indicator |
Second Indicator |
Subfields |
| LEADER |
00000cam a2200000I 4500 |
| 001 |
in00002103751 |
| 005 |
20151103050555.0 |
| 008 |
720627r19681892nyu 000 0 fre d |
| 035 |
|
|
|a (OCoLC)ocm00343174
|
| 040 |
|
|
|a YNG
|c YNG
|d XBM
|d OCL
|d B2Q
|d TXA
|d UtOrBLW
|
| 049 |
|
|
|a TXAM
|
| 090 |
|
|
|a PQ1321
|b .Pb12 1968
|
| 245 |
0 |
3 |
|a Le Chansonnier français de Saint-Germain-des-Prés. (Bibl. nat. fr. 20050) /
|c reproduction phototypique avec transcription, par P. Meyer et G. Raynaud.
|
| 264 |
|
1 |
|a New York :
|b Johnson Reprint Corp.,
|c [1968]
|
| 300 |
|
|
|a volumes ;
|c 23 cm.
|
| 336 |
|
|
|a text
|b txt
|2 rdacontent
|
| 337 |
|
|
|a unmediated
|b n
|2 rdamedia
|
| 338 |
|
|
|a volume
|b nc
|2 rdacarrier
|
| 490 |
0 |
|
|a Société des anciens textes français. [Publications] ;
|v no. 32
|
| 500 |
|
|
|a Reprint of the 1892- edition published by Firmin Didot, Paris.
|
| 536 |
|
|
|a From the Library of Howard Mayer Brown, May 2004.
|
| 650 |
|
0 |
|a French poetry
|y To 1500.
|
| 650 |
|
0 |
|a Songs, French.
|
| 650 |
|
6 |
|a Poésie française
|y Avant 1500.
|
| 650 |
|
6 |
|a Chansons françaises.
|
| 700 |
1 |
|
|a Meyer, Paul,
|d 1840-1917,
|e editor.
|
| 700 |
1 |
|
|a Raynaud, Gaston,
|d 1850-1911,
|e editor.
|
| 710 |
2 |
|
|a Bibliothèque nationale (France).
|k MSS.
|n Fonds français 20050.
|
| 710 |
2 |
|
|a Société des anciens textes français (Paris, France)
|
| 994 |
|
|
|a C0
|b TXA
|
| 948 |
|
|
|a cataloged
|b h
|c 2006/2/16
|d c
|e bhartsfi
|f 2:17:51 pm
|
| 999 |
|
|
|a MARS
|
| 999 |
f |
f |
|s e262fac9-0ce4-3fc9-bf0a-d1a8b8d94639
|i cdd55a6c-79a0-3445-b16e-0ff14db21b43
|t 0
|
| 952 |
f |
f |
|p ric
|a Texas A&M University
|b Rellis Campus
|c Joint Library Facility
|d Remote Storage
|t 0
|e PQ1321 .Pb12 1968
|h Library of Congress classification
|i unmediated -- volume
|m A14836387047
|
| 998 |
f |
f |
|a PQ1321 .Pb12 1968
|t 0
|l Remote Storage
|